<?xml version="1.0" encoding="UTF-8"?><?xml-stylesheet type="text/xsl" href="static/style.xsl"?><OAI-PMH xmlns="http://www.openarchives.org/OAI/2.0/" xmlns:xsi="http://www.w3.org/2001/XMLSchema-instance" xsi:schemaLocation="http://www.openarchives.org/OAI/2.0/ http://www.openarchives.org/OAI/2.0/OAI-PMH.xsd"><responseDate>2026-04-28T21:22:59Z</responseDate><request verb="GetRecord" identifier="oai:uvadoc.uva.es:10324/67378" metadataPrefix="marc">https://uvadoc.uva.es/oai/request</request><GetRecord><record><header><identifier>oai:uvadoc.uva.es:10324/67378</identifier><datestamp>2025-03-26T16:41:31Z</datestamp><setSpec>com_10324_1183</setSpec><setSpec>com_10324_931</setSpec><setSpec>com_10324_894</setSpec><setSpec>col_10324_1396</setSpec></header><metadata><record xmlns="http://www.loc.gov/MARC21/slim" xmlns:doc="http://www.lyncode.com/xoai" xmlns:xsi="http://www.w3.org/2001/XMLSchema-instance" xmlns:dcterms="http://purl.org/dc/terms/" xsi:schemaLocation="http://www.loc.gov/MARC21/slim http://www.loc.gov/standards/marcxml/schema/MARC21slim.xsd">
<leader>00925njm 22002777a 4500</leader>
<datafield tag="042" ind1=" " ind2=" ">
<subfield code="a">dc</subfield>
</datafield>
<datafield tag="720" ind1=" " ind2=" ">
<subfield code="a">Uzquiza Ollauri, Lorena</subfield>
<subfield code="e">author</subfield>
</datafield>
<datafield tag="720" ind1=" " ind2=" ">
<subfield code="a">González García, María Rosa</subfield>
<subfield code="e">author</subfield>
</datafield>
<datafield tag="720" ind1=" " ind2=" ">
<subfield code="a">Martín Peña, Pedro</subfield>
<subfield code="e">author</subfield>
</datafield>
<datafield tag="720" ind1=" " ind2=" ">
<subfield code="a">González Herranz, Raquel</subfield>
<subfield code="e">author</subfield>
</datafield>
<datafield tag="720" ind1=" " ind2=" ">
<subfield code="a">Fidelibus, Matthew W.</subfield>
<subfield code="e">author</subfield>
</datafield>
<datafield tag="260" ind1=" " ind2=" ">
<subfield code="c">2015</subfield>
</datafield>
<datafield tag="520" ind1=" " ind2=" ">
<subfield code="a">Previously we showed that the combined application of ethephon and methyl jasmonate to grapes (Vitis vinifera L.) may decrease fruit detachment force and promote the formation of an abscission layer between the pedicels and berries, without causing preharvest yield losses or defoliation (Uzquiza et al., 2013). Theoretically, such effects could help minimize the physical damage to berries and the volume of must released during mechanical harvesting which could, in turn, reduce the opportunity for undesirable oxidative processes to occur before the product comes into the winery. The aim of this work was to study the effects of this treatment on mechanical harvesting performance, and on must and wine quality. The experiments were conducted in 2011 and 2013, in a 'Verdejo' vineyard located in 'Rueda' Appellation d'Origine area (North-Central Spain). In a completely randomized factorial design different treatments were compared, combining the application of abscission agents (ethephon 1,000 mg L&lt;sup>-1&lt;/sup> plus methyl jasmonate 8,960 mg L&lt;sup>-1&lt;/sup> sprayed on the clusters 10 days before harvesting, versus untreated controls), and type of harvest (manual picking and mechanical at different shaking frequencies, 400 and 425 shakes min&lt;sup>-1&lt;/sup>). The preharvest treatment did not significantly affect product losses during mechanical harvesting at 400 shakes min&lt;sup>-1&lt;/sup>but, at 425 shakes min&lt;sup>-1&lt;/sup>, total losses in treated vines were 4.2% higher than in untreated. The percentage of free must in the harvested mass was lower in treated vines (20.6%) than in controls (23.2%) when shaking frequency was higher. The abscission agents tended to reduce potassium content in the must and increased hydroxycinnamic acid and total polyphenol contents, but they did not affect colour intensity or oxidative stability of wines.</subfield>
</datafield>
<datafield tag="024" ind2=" " ind1="8">
<subfield code="a">European Journal of Horticultural Science, 2015, vol. 80, n.º 3, pp. 97-102</subfield>
</datafield>
<datafield tag="024" ind2=" " ind1="8">
<subfield code="a">1611-4426</subfield>
</datafield>
<datafield tag="024" ind2=" " ind1="8">
<subfield code="a">https://uvadoc.uva.es/handle/10324/67378</subfield>
</datafield>
<datafield tag="024" ind2=" " ind1="8">
<subfield code="a">10.17660/eJHS.2015/80.3.1</subfield>
</datafield>
<datafield tag="024" ind2=" " ind1="8">
<subfield code="a">97</subfield>
</datafield>
<datafield tag="024" ind2=" " ind1="8">
<subfield code="a">3</subfield>
</datafield>
<datafield tag="024" ind2=" " ind1="8">
<subfield code="a">102</subfield>
</datafield>
<datafield tag="024" ind2=" " ind1="8">
<subfield code="a">eJHS: European Journal of Horticultural Science</subfield>
</datafield>
<datafield tag="024" ind2=" " ind1="8">
<subfield code="a">80</subfield>
</datafield>
<datafield ind1=" " ind2=" " tag="653">
<subfield code="a">Vinos y vinificación</subfield>
</datafield>
<datafield tag="245" ind1="0" ind2="0">
<subfield code="a">A preharvest treatment of ethephon and methyl jasmonate affects mechanical harvesting performance and composition of 'Verdejo' grapes and wines</subfield>
</datafield>
</record></metadata></record></GetRecord></OAI-PMH>